Etica empresarial (Registro nro. 1177)
[ vista simple ]
| 000 -LEADER | |
|---|---|
| fixed length control field | 01175 a2200229 4500 |
| 001 - CONTROL NUMBER | |
| control field | 24348 |
| 005 - DATE AND TIME OF LATEST TRANSACTION | |
| control field | 20260407155527.0 |
| 008 - FIXED-LENGTH DATA ELEMENTS--GENERAL INFORMATION | |
| fixed length control field | 260407a2009 arg spa d |
| 003 - CONTROL NUMBER IDENTIFIER | |
| control field | AR-UNSa-BCEJYS |
| 040 ## - CATALOGING SOURCE | |
| Original cataloging agency | AR-UNSa-BCEJYS |
| Language of cataloging | spa |
| Transcribing agency | AR-UNSa-BCEJYS |
| 080 ## - UNIVERSAL DECIMAL CLASSIFICATION NUMBER | |
| Universal Decimal Classification number | 174 |
| Common auxiliary subdivision | Etica Profesional |
| 020 ## - INTERNATIONAL STANDARD BOOK NUMBER | |
| International Standard Book Number | 978-987-1486-13-7 |
| 041 ## - LANGUAGE CODE | |
| Language code of text/sound track or separate title | spa |
| 100 1# - MAIN ENTRY--PERSONAL NAME | |
| Personal name | Debeljuh, Patricia |
| 245 10 - TITLE STATEMENT | |
| Title | Etica empresarial |
| Name of part/section of a work | en el núcleo de la estrategia corporativa |
| 264 #1 - PRODUCTION, PUBLICATION, DISTRIBUTION, MANUFACTURE, AND COPYRIGHT NOTICE | |
| Place of production, publication, distribution, manufacture | Buenos Aires : |
| Name of producer, publisher, distributor, manufacturer | Cengage Learning |
| Date of production, publication, distribution, manufacture, or copyright notice | 2009 |
| 300 ## - PHYSICAL DESCRIPTION | |
| Extent | 224 p. |
| Dimensions | 24 cm. |
| 505 ## - FORMATTED CONTENTS NOTE | |
| Formatted contents note | 1. Origen y desarrollo de la ética empresarial - 2. La responsabilidad social empresaria - 3. Cuestiones éticas relacionadas con los accionistas - 4. Cuestiones éticas en torno a los empleados - 5. Cuestiones éticas relacionadas con el mercado - 6. Cuestiones éticas relacionadas con la publicidad - 7. Cuestiones éticas en torno a contabilidad y finanzas - 8. Actuación en entornos corruptos - 9. La gestión de la ética en la empresa |
| 590 ## - LOCAL NOTE (RLIN) | |
| Local note | niveau_biblio:m niveau_hierar:0 |
| 856 41 - ELECTRONIC LOCATION AND ACCESS | |
| Uniform Resource Identifier | <a href="https://biblioeco.unsa.edu.ar/pmb/images/libros/?tica Empresarial (2011).jpg">https://biblioeco.unsa.edu.ar/pmb/images/libros/?tica Empresarial (2011).jpg</a> |
| Link text | Imagen de portada |
| Electronic format type | image/jpeg |
| 942 ## - ADDED ENTRY ELEMENTS (KOHA) | |
| Koha item type | |
| Withdrawn status | Lost status | Damaged status | Not for loan | Home library | Current library | Shelving location | Date acquired | Total checkouts | Full call number | Barcode | Date last seen | Price effective from | Koha item type |
|---|---|---|---|---|---|---|---|---|---|---|---|---|---|
| Biblioteca Prof. Eusebio Cleto del Rey | Biblioteca Prof. Eusebio Cleto del Rey | 07/04/2026 | 174 D286 | L119662 | 07/04/2026 | 07/04/2026 | Libro | ||||||
| Biblioteca Prof. Eusebio Cleto del Rey | Biblioteca Prof. Eusebio Cleto del Rey | 07/04/2026 | 174 D286 | L126285 | 07/04/2026 | 07/04/2026 | Libro | ||||||
| Biblioteca Prof. Eusebio Cleto del Rey | Biblioteca Prof. Eusebio Cleto del Rey | 07/04/2026 | 174 D286 | L126286 | 07/04/2026 | 07/04/2026 | Libro |